| 000 | 00531nam a2200217Ia 4500 | ||
|---|---|---|---|
| 003 | 0100 | ||
| 008 | 130303s9999 xx 000 0 und d | ||
| 040 | _cARRUPELIB | ||
| 050 | _aBX1754.F59 2000 | ||
| 100 | _aFlynn, Eileen | ||
| 245 | _aWhy believe? | ||
| 245 | _bfoundations of catholic theology | ||
| 260 | _aSheed and Ward | ||
| 260 | _bFranklin, Wiscosin | ||
| 260 | _C2000 | ||
| 300 | _axiv | ||
| 300 | _b 265p. 24cm. | ||
| 650 | _bJava (Indonesia)-Antiquities | ||
| 650 | _cJava (Indonesia) | ||
| 942 |
_2lcc _01 |
||
| 999 |
_c67655 _d67655 |
||